Antrisksh me Bharat-Soviet maitri (Record no. 65757)
[ view plain ]
| 000 -LEADER | |
|---|---|
| fixed length control field | 00385nam a2200133 4500 |
| 008 - FIXED-LENGTH DATA ELEMENTS--GENERAL INFORMATION | |
| fixed length control field | 240802b |||||||| |||| 00| 0 eng d |
| 040 ## - CATALOGING SOURCE | |
| Original cataloging agency | National Science Library |
| Transcribing agency | National Science Library |
| 080 ## - UNIVERSAL DECIMAL CLASSIFICATION NUMBER | |
| Universal Decimal Classification number | 52 |
| Item number | N0 |
| 100 ## - MAIN ENTRY--PERSONAL NAME | |
| Personal name | Prasad, Shuk Deo |
| 245 ## - TITLE STATEMENT | |
| Title | Antrisksh me Bharat-Soviet maitri |
| 260 ## - PUBLICATION, DISTRIBUTION, ETC. | |
| Place of publication, distribution, etc. | Allahabad: |
| Name of publisher, distributor, etc. | T. N. Bhargav & Sons, |
| Date of publication, distribution, etc. | 1990 |
| 300 ## - PHYSICAL DESCRIPTION | |
| Extent | 76p. |
| 942 ## - ADDED ENTRY ELEMENTS (KOHA) | |
| Source of classification or shelving scheme | Universal Decimal Classification |
| Koha item type | Hindi Books |
| Withdrawn status | Lost status | Source of classification or shelving scheme | Damaged status | Not for loan | Home library | Current library | Shelving location | Date acquired | Total Checkouts | Full call number | Barcode | Date last seen | Price effective from | Koha item type |
|---|---|---|---|---|---|---|---|---|---|---|---|---|---|---|
| Universal Decimal Classification | National Science Library | National Science Library | SF/RK-B2/C-10/R-3 | 28/06/2004 | 52, N0 | 184747 | 02/08/2024 | 28/06/2004 | Hindi Books |